Canal de Guadarrama (Record no. 39358)

MARC details
000 -LEADER
campo de control de longitud fija 00877nam a2200205 i 4500
001 - NÚMERO DE CONTROL
campo de control 39358
003 - IDENTIFICADOR DE NÚMERO DE CONTROL
campo de control ES-MaACL
005 - FECHA Y HORA DE LA ÚLTIMA TRANSACCIÓN
campo de control 20230906155946.0
007 - CAMPO FIJO DE DESCRIPCIÓN FÍSICA--INFORMACIÓN GENERAL
campo de control de longitud fija t|
008 - DATOS DE LONGITUD FIJA--INFORMACIÓN GENERAL
campo de control de longitud fija 030227s1896 sp |||| | spa d
080 ## - NÚMERO DE LA CLASIFICACIÓN DECIMAL UNIVERSAL
Número de la Clasificación Decimal Universal 626.1(460.27)
245 00 - MENCIÓN DEL TÍTULO
Título Canal de Guadarrama
Resto del título : empresa constructora y de explotación de la primera parte del proyecto...
260 ## - PUBLICACIÓN, DISTRIBUCIÓN, ETC.
Lugar de publicación, distribución, etc. Madrid :
Nombre del editor, distribuidor, etc. [s.n.],
Fecha de publicación, distribución, etc. 1896 (
Fabricante R. Velasco)
300 ## - DESCRIPCIÓN FÍSICA
Extensión 28 p., [1] h. pleg. de mapa ;
Dimensiones 22 cm.
530 ## - NOTA DISPONIBLE DE FORMULARIO FÍSICO ADICIONAL
Nota de formato físico adicional disponible Disponible en formato digital.
599 ## - NOTA A LAS ILUSTRACIONES
NOTA A LAS ILUSTRACIONES La h. pleg. de mapa: Canal de Guadarrama. Escala de 1:50.000.
651 #4 - PUNTO DE ACCESO ADICIONAL DE MATERIA--NOMBRE GEOGRÁFICO
Nombre geográfico Canal de Guadarrama.
9 (RLIN) 7940
852 ## - LOCALIZACIÓN
Ubicación ES-MaACL
Número de control de estantería T-848-F-4
Nota libre . - Enc. en un vol. facticio conservando la enc. original
856 ## - LOCALIZACIÓN Y ACCESO ELECTRÓNICOS
Identificador Uniforme de Recursos <a href="https://bibliotecavirtualmadrid.comunidad.madrid/bvmadrid_publicacion/es/consulta/registro.do?id=1928">https://bibliotecavirtualmadrid.comunidad.madrid/bvmadrid_publicacion/es/consulta/registro.do?id=1928</a>
Nota pública Biblioteca Digital de la Comunidad de Madrid
Holdings
Estatus retirado Estado de pérdida Estado de daño No para préstamo Colección Biblioteca de origen Biblioteca actual Ubicación en estantería Fecha de adquisición Fuente de adquisición Total de préstamos Signatura topográfica completa Código de barras Visto por última vez Precio de reemplazo Tipo de ítem Koha
        Colección de folletos Biblioteca del Ateneo de Madrid Biblioteca del Ateneo de Madrid Depósito folletos 17/01/2008     T-848-F-4 1041452 23/02/2023 23/02/2023 Folleto